Nové prístupy v ohodnocovacej legislatíve v Slovenskej republike s dôrazom na ohodnocovanie pri fúziách a akvizíciách

Gespeichert in:
Bibliographische Detailangaben
1. Verfasser: Porvazník, Ján
Weitere Verfasser: Harumová, Anna, 1955-
Format: Buchkapitel
Sprache:Slowakisch
Tags: Tag hinzufügen
Keine Tags, Fügen Sie das erste Tag hinzu!

MARC

LEADER 00000naa$a2200000$$$4500
001 0088122
005 20240502083229.3
041 0 |a slo 
044 |a CZ 
245 1 0 |a Nové prístupy v ohodnocovacej legislatíve v Slovenskej republike s dôrazom na ohodnocovanie pri fúziách a akvizíciách  |c Ján Porvazník, Anna Harumová 
100 1 |a Porvazník, Ján 
700 1 |a Harumová, Anna, 1955-